00306nam a2200109Ia 4500008004100000082001400041100001600055245004000071260003000111300000900141650004600150191201s2018 xx 000 0 und d a572.3 MUB aMURUGESH, N 0aBiochemistry and clinical pathology bSathya pubaMaduraic2018 a10.3 aApplied Biochemistry & Clinical Chemistry